Beyond the third dimension : geometry, computer graphics, and higher dimensions /

Guardado en:
Autor Principal: Banchoff, Thomas.
Formato: Libro
Idioma:English
Publicado: New York : Scientific American Library : distributed by W. H. Freeman, c1996.
Edición:[New ed.].
Series:Scientific American Library series ; v. 33
Materias:
Etiquetas: Agregar Etiqueta
Sin Etiquetas, Sea el primero en etiquetar este registro!
LEADER 01071nam a2200277 a 4500
001 MAT.inmabb003324
008 051104s1996####nyua#####b####001#0#eng##
005 20160219153532.0
245 1 0 |a Beyond the third dimension :  |b geometry, computer graphics, and higher dimensions /  |c Thomas F. Banchoff. 
250 |a [New ed.]. 
260 |a New York :  |b Scientific American Library :  |b distributed by W. H. Freeman,  |c c1996. 
300 |a ix, 210 p. :  |b il. (algunas col.) ;  |c 24 cm. 
490 1 |a Scientific American Library paperbacks ;  |v v. 33 
500 |a Versión corregida de la ed. original (1990), con nuevos gráficos. 
504 |a Incluye referencias bibliográficas (p. 199-201) e índice. 
510 4 |a MR,  |c 97a:00001 
020 |a 0716760150 (pbk.) 
100 1 |a Banchoff, Thomas. 
830 0 |a Scientific American Library series ;  |v v. 33 
650 0 |a Hyperspace. 
650 0 |a Dimensions. 
650 0 |a Computer graphics. 
084 |a 00-01 (51-01 52-01 68U05)  |2 MR 
010 |a  90008522  
040 |a DLC  |c DLC  |d DLC 
859 |h 51  |i B213-2  |p A-7522  |b BIB. MATEMATICA